| 000 | 00788nam a2200193 a 4500 | ||
|---|---|---|---|
| 003 | 0 | ||
| 005 | 20250225111857.0 | ||
| 008 | 101013s19uu xx 00 eng d | ||
| 050 |
_aPHS HQ 518 _b.R14 2010 |
||
| 100 | _aRamoso, Niccolo Miguel S. | ||
| 245 |
_aFamily structure and conflict resolution skills of selected HS IV students of Southville International School and Colleges- Las Piñas City / _cNiccolo Miguel S. Ramoso. |
||
| 260 |
_aLas Piñas City, Philippines : _bSouthville International School and Colleges, _c2010. |
||
| 300 |
_a32 pages : _billustrations ; _c30 cm. |
||
| 504 | _aIncludes bibliographical references. | ||
| 650 | _aFamily structure. | ||
| 650 | _aConflict resolution (Psychology). | ||
| 650 | _aInterpersonal relations in adolescence. | ||
| 942 |
_2lcc _cPASS |
||
| 999 |
_c98402 _d98402 |
||